000 00527nam a2200193Ia 4500
005 20250326141456.0
008 250326s9999 xx 000 0 und d
020 _a0-86187-748-9
037 _aTextbook
040 _aFMSL
_beng
_cFMSL
041 _aeng
_2eng
084 _aV8 N0
_qFMSL
100 _aSimmie James
245 0 _aState in action : Public policy and politics
_cSimmie James; King Rogers
260 _aNY
_bNY, Pinter
_c1990
300 _axi,212
942 _cTB
_hV8 N0
999 _c1290484
_d1290484